| 000 | 00357nam a2200133Ia 4500 | ||
|---|---|---|---|
| 008 | 240624s9999 xx 000 0 und d | ||
| 041 | _aeng | ||
| 082 | _a339.31 PHI | ||
| 100 | _aPHILIPSEN DIRK | ||
| 245 | _aLITTLE BIG NUMBER HOW GDP CAME TO RULE T | ||
| 260 |
_c2015 _aOxford _bPrinceton University Press |
||
| 300 | _aix, 398 p.; 23 cm. | ||
| 365 |
_c _b33 |
||
| 999 |
_c32694 _d32694 |
||